〈Minecraft〉エンチャントの種類クイズ - Statistics

General Stats
  • This quiz has been taken 662 times
  • The average score is 26 of 42
Answer Stats
付与対象 エンチャント名 効果 % Correct
全般 修繕 経験値で耐久値を修復する
86%
フレイム/火炎 矢に火を点けて発射する
85%
全般 耐久力 耐久値が減りにくくなる
82%
剣・斧 ダメージ増加/鋭さ 攻撃力を強化する
80%
ツール系 効率/効率強化 採掘速度を増加する
79%
ツール系 幸運 アイテムのドロップ数を増加する
78%
無限 射撃時に矢を消費しなくなる
77%
釣竿 宝釣り レアなアイテムを入手できる確率が上昇する
77%
火属性 攻撃した相手を燃やす
76%
ノックバック ノックバックを強化する
74%
防具 落下耐性/落下軽減 落下ダメージを軽減する
74%
ツール系 シルクタッチ ブロックそのものを入手できる
72%
釣竿 入れ食い 釣りの効率を上げる
72%
装備系 束縛の呪い 装備を取り外すことができなくなる
71%
全般 消滅の呪い 死亡時にアイテムが消滅する
70%
防具 火炎耐性/防火 炎系によるダメージを軽減する
69%
剣・斧 虫特効/虫殺し 虫系Mobへのダメージを増加する
68%
防具 ダメージ軽減/防護 受けるダメージを軽減する
66%
防具 棘の鎧/とげ 攻撃してきた者にダメージを与える
66%
トライデント 忠誠/忠誠心 投げても手元に戻ってくる
65%
防具 水中呼吸 水中で呼吸時間を延長する
65%
剣・斧 アンデッド特効/聖なる力 アンデッド系Mobへのダメージを増加する
64%
クロスボウ 貫通 矢が複数のMobを貫通する
63%
トライデント 激流 トライデントと共にプレイヤーも突進する
61%
ドロップ増加/アイテムボーナス Mobのドロップ量や確率を増加する
59%
防具 氷渡り/氷上歩行 足下付近の水に薄氷を生成する
58%
射撃ダメージ増加/パワー 矢で与えるダメージが増加する
55%
トライデント 召雷/チャネリング 雷雨時にのみMobに雷を落とす
54%
防具 爆発耐性 爆発ダメージを軽減する
54%
防具 水中採掘/水中作業 水中で採掘速度を増加する
53%
防具 水中歩行/水中移動 水中で移動速度を増加する
53%
パンチ/衝撃 矢のノックバックを強化する
52%
クロスボウ 拡散/マルチショット 1回で3本の矢を放つ
52%
防具 飛び道具耐性/間接攻撃耐性 飛び道具によるダメージを軽減する
45%
防具 ソウルスピード/魂の速度 ソウル系ブロックの上で歩く速度を増加する
45%
クロスボウ 高速装填/クイックチャージ 装填時間が短くなる
42%
防具 スニーク速度上昇/高速スニーク スニーク時の移動速度を増加する
37%
トライデント 水生特効/串刺し 水生Mobに追加ダメージを与える
36%
メイス 重撃/密度 メイスの落下ダメージを増加する
34%
メイス ウィンドバースト 攻撃すると大ジャンプできる
32%
範囲ダメージ増加 なぎ払い攻撃のダメージを増加する
30%
メイス 防具貫通/違反 相手の防具効果を無視する
23%
No matching quizzes found
Score Distribution
Percent of People with Each Score
Percentile by Number Answered
Your Score History
You have not taken this quiz